| 000 | 00000nam##2200000za#4500 |
| 001 | 9.643347 |
| 003 | CaOODSP |
| 005 | 20210624224127 |
| 007 | cr ||||||||||| |
| 008 | 150407|2000||||xxc|||||o f|0| 0 fre|d |
| 040 | |aCaOODSP|bfre |
| 043 | |an-cn--- |
| 086 | 1 |aA15-2020/2000F-PDF |
| 110 | 1 |aCanada. |bAgriculture et agroalimentaire Canada. |bDirection générale de la recherche. |
| 245 | 13|aLa santé de l'eau : |h[ressource électronique]|bvers une agriculture durable au Canada / |c[rédigé par] D.R. Coote et L.J. Gregorich. |
| 260 | |aOttawa - Ontario : |bAgriculture et Agroalimentaire Canada. |c2000. |
| 300 | |a204p.|bfigures, glossaire, graphiques, cartes, tableaux, photographies |
| 500 | |ads |
| 500 | |aPublication historique numérisée par Agriculture et Agroalimentaire Canada. |
| 504 | |aBibliographie. |
| 590 | |a14-11-Supp|b2014-05-21 |
| 691 | 07|aQualité de l'eau|2gcpds |
| 691 | 07|aApprovisionnement en eau|2gcpds |
| 691 | 07|aÉcosystème|2gcpds |
| 691 | 07|aAgriculture|2gcpds |
| 691 | 07|aMilieu rural|2gcpds |
| 775 | 08|tThe health of our water |w(CaOODSP)9.693501 |
| 776 | 0#|tLa santé de l'eau : |w(CaOODSP)9.681012 |
| 856 | 40|ahttp://publications.gc.ca|qPDF|s17 Mo|uhttps://publications.gc.ca/collections/collection_2014/aac-aafc/agrhist/A15-2020-2000-fra.pdf |
| 986 | |a2020/F |